| 000 | 00870nam a22002057a 4500 | ||
|---|---|---|---|
| 999 |
_c7855 _d7855 |
||
| 003 | BD-DhUAP | ||
| 005 | 20211122105626.0 | ||
| 008 | 211117b20202020bg a|||| |||| 001 0cben d | ||
| 020 | _a9789848179277 | ||
| 040 |
_aBD-DhUAP _bBD-DhUAP _cBEN _dBD-DhUAP _eBD-DhUAP |
||
| 082 |
_223 _a954.9205092 HOS |
||
| 100 | _aহোসেন, মীর মোশাররফ । | ||
| 245 |
_aবঙ্গবন্ধুর সমাজতান্ত্রিক ভাবনা / _bমীর মোশাররক হোসেন । |
||
| 250 | _aপ্রথম প্রকাশ. | ||
| 260 |
_aঢাকা : _bতম্রলিপি, _c২০২০ । |
||
| 300 |
_a১০৩ পৃষ্ঠা : _bচিত্র ; _c২১ সে.মি. । |
||
| 600 |
_aMujibur Rahman, Sheikh, _d(1920-1975) । |
||
| 650 |
_aBangladesh. _xPolitics and government _y1975 |
||
| 942 |
_2ddc _cBK |
||